01605nam a2200313 i 4500001001000000003001000010005001700020008004100037020001500078040004700093041000800140082001700148100003600165245005200201264003600253264001200289300002700301336002700328337003300355338002800388490002100416505000600437520070700443563001401150650003901164653002801203653002201231653003801253768714001CO-MdFUSB20200320104031.0200218t1997 ec |||| |||| 00| 0 spa d a9978951938 aCO-MdFUSBbspacCO-MdFUSBdCO-MdFUSBCerda aspa 223a863bY22 aYánez Cossío, Aliciaeautor aAprendiendo a morir.c/ Alicia Yánez Cossío aEcuador :bSeix Barral,c[1997] c© 1997 a189 páginasc; 21 cm 2rdacontentatextobtxt 2rdamediaasin mediaciónbn 2rdacarrieravolumenbnc aBiblioteca Breve a 1 aA través de una crónica profunda y poética de la vida y personalidad de la santa Marianita de Jesús, la autora recrea con espontaneidad y frescura la vida cotidiana de quito en el siglo XVII, época en que transcurre esta novela, una de las mejores de Alicia Yánez. Convencida de que su misión sobre la tierra consistía en orar sin descanso por la salvación de los pecadores y ayudar a los pobres y desamparados, Mariana flagelaba su cuerpo para detener la ira divina y expiar sus propias faltas y las ajenas. Su preocupación por la vida eterna- mientras vivió siempre estuvo aprendiendo a morir- la llevo, a manera de que inmolación, a decidir su propia muerte y lo consiguió. aRústico 72embneaLiteratura hispanoamericana aLiteratura ecuatoriana. aNovela -- Ecuador aLiteratura -- Quito -- Siglo XVII